|
|
|
|
| LEADER |
01694nam a2200385Ia 4500 |
| 001 |
EBC3319844 |
| 003 |
MiAaPQ |
| 005 |
20200520144314.0 |
| 006 |
m o d | |
| 007 |
cr cn||||||||| |
| 008 |
110807s2010 gw a sb 000 0 eng d |
| 020 |
|
|
|z 9783899588903
|
| 035 |
|
|
|a (MiAaPQ)EBC3319844
|
| 035 |
|
|
|a (Au-PeEL)EBL3319844
|
| 035 |
|
|
|a (CaPaEBR)ebr10484283
|
| 035 |
|
|
|a (OCoLC)747412406
|
| 040 |
|
|
|a MiAaPQ
|c MiAaPQ
|d MiAaPQ
|
| 050 |
|
4 |
|a SB193
|b .U453 2010
|
| 100 |
1 |
|
|a Ullah, Muhammad Arshad.
|
| 245 |
1 |
0 |
|a Forage production in Panicum grass-legumes intercropping by combining geometrical configuration, inoculation and fertilizer under rainfed conditions
|h [electronic resource] /
|c Muhammad Arshad Ullah.
|
| 260 |
|
|
|a Kassel :
|b Kassel University Press,
|c 2010.
|
| 300 |
|
|
|a [x], 148 p. :
|b ill.
|
| 490 |
1 |
|
|a Okologie und Umweltsicherung ;
|v 33/2010
|
| 500 |
|
|
|a "This work has been accepted by the Faculty of Organic Agricultural Sciences of the University of Kassel as a thesis for acquiring the academic degree of Doktor der Agrarwissenschaften (Dr. agr.)".
|
| 502 |
|
|
|a Thesis (Doctoral)---University of Kassel, 2010.
|
| 504 |
|
|
|a Includes bibliographical references.
|
| 533 |
|
|
|a Electronic reproduction. Ann Arbor, MI : ProQuest, 2015. Available via World Wide Web. Access may be limited to ProQuest affiliated libraries.
|
| 650 |
|
0 |
|a Forage plants.
|
| 650 |
|
0 |
|a Intercropping.
|
| 650 |
|
0 |
|a Grasses.
|
| 650 |
|
0 |
|a Legumes.
|
| 655 |
|
4 |
|a Electronic books.
|
| 710 |
2 |
|
|a ProQuest (Firm)
|
| 830 |
|
0 |
|a Okologie und Umweltsicherung ;
|v Heft 33/2010.
|
| 856 |
4 |
0 |
|u https://ebookcentral.proquest.com/lib/matrademy/detail.action?docID=3319844
|z Click to View
|